Responses for Show #2068 - Wednesday, September 8, 1993

Brian Moore game 2.

Contestants

[<< previous game]

Dale Denno, a lawyer from Cumberland Center, Maine

Maryclaire Stone, a student and homemaker from Sidney, Ohio

Brian Moore, a teacher from Austin, Texas (whose 1-day cash winnings total $13,001)

[next game >>]

Jeopardy! Round responses

MATHEMATICS
LIBRARIES
HISTORY
DEER
"JOHN"
LETTERS
    $100 21
subtraction (division)

Dale
    $100 6
Indiana

Brian
    $100 11
China

Brian
    $100 25
South America

Maryclaire
    $100 16
the head of John the Baptist

Dale
    $100 1
M

Brian
    $200 22
pi

Brian
    $200 7
Monaco

Dale
    $200 12
South Africa

Brian
    $200 26
venison

Brian
    $200 17
the John Birch Society

Brian
    $200 2
T

Maryclaire
    $300 23
cosine

Brian
    $300 8
Chicago

Brian
    $300 13
Montezuma

Brian
    $300 28
(Brian: What is the caribou?)
(Maryclaire: What is a reindeer?)

a moose

BrianMaryclaire
Triple Stumper
    $300 18
John Bull

Dale
    $300 3
(Dale: What b's & p's?)

d's & b's

MaryclaireDale
    $400 24
cube

Maryclaire
    $400 9
(Dale: What is Hartford?)

Boston

BrianDale
    $400 14
(Brian: What is the Franco-Prussian War?)

the Crimean

Brian
Triple Stumper
    $400 29
four

Dale
    $400 19
John Henry

Brian
    $400 4
A, B & O

Brian
    $500 27
a Möbius strip

Brian
    $500 10
(Brian: What is... Columbia?)

Charleston

BrianDale
    $1,500 15
Duncan

Brian
    $500 30
the reindeer

Brian
    $500 20
John Barleycorn

Brian
    $500 5
(Maryclaire: What is B?)
...
(Alex: [*], for hydrogen, right.)

H

BrianMaryclaire

Scores at the first commercial break (after clue 15):

Brian Maryclaire Dale
$3,000 $0 $0

Scores at the end of the Jeopardy! Round:

Brian Maryclaire Dale
$5,500 $200 $900

Double Jeopardy! Round responses

ASIA
BROADWAY MUSICALS
AVIATION FIRSTS
THE MIDDLE AGES
WOMEN
LITERARY RELATIVES
    $200 15
Japan

Maryclaire
    $200 22
The King and I

Maryclaire
    $200 16
Amelia Earhart

Brian
    $200 6
Muhammad

Dale
    $200 1
horse racing

Brian
    $200 11
the Grimms

Maryclaire
    $400 18
the Suez

Dale
    $400 23
Li'l Abner

Maryclaire
    $400 25
the North & South Poles

Maryclaire
    $400 7
Venice

Dale
    $400 2
Chelsea Clinton

Brian
    $400 12
Mary Shelley

Maryclaire
    $600 19
the Mekong

Dale
    $600 24
Can-Can

Triple Stumper
    $600 26
(Chuck) Yeager

Brian
    $600 8
(Brian: What is Khan?)
(Alex: Be more specific.)

Genghis Khan

Brian
    $600 3
Katarina Witt

Dale
    $600 13
William Makepeace Thackeray

Brian
    $800 20
Hindu

Brian
    $800 29
(Brian: What is Oklahoma!)
(Maryclaire: What is Shenandoah?)
...
(Alex: Brian, I believe if we gave you a second choice you'd never make a mistake.)

Paint Your Wagon

BrianMaryclaire
Triple Stumper
    $800 27
(Wiley) Post

Brian
    $800 9
Eleanor

Dale
    $800 4
Chanel

Dale
    $2,700 14
(Brian: Who is Ira Levin?)

John le Carré

Brian
    $1000 21
Pakistan

Brian
    $1000 30
Marvin Hamlisch

Maryclaire
    $1000 28
(Dale: What is the Hindenburg?)

the Graf Zeppelin

BrianDale
    $1000 10
the Knights Templar

Dale
    $1,300 5
(Dale: Who is Jane... Burke?)

Jane Byrne

Dale
    $1000 17
(Kenneth) Grahame

Dale

Scores at the end of the Double Jeopardy! Round:

Brian Maryclaire Dale
$8,200 $2,200 $4,400

[wagering suggestions for these scores]

Final Jeopardy! Round responses

U.S. CITIES
MaryclaireWhat is Charleston
$2,199
DaleWhat is Augusta
$0
BrianWhat is Augusta?
$601
Augusta

Final scores:

Brian Maryclaire Dale
$8,801 $1 $4,400
2-day champion: $21,802 3rd place: Meade model 312 telescope + Wheel of Fortune & Jeopardy! for Super Nintendo Entertainment System & Sega Genesis + Jeopardy! home game 2nd place: La-Z-Boy sofa + love seat & S&S Mills carpeting + Jeopardy! home game

Game dynamics:

Coryat scores:

Brian Maryclaire Dale
$9,900 $2,200 $5,700
28 R
(including 1 DD),
5 W
(including 1 DD)
11 R,
3 W
15 R,
4 W
(including 1 DD)

Combined Coryat: $17,800

[game clues] [game scores] [suggest correction]

Game tape date: 1993-07-19
The J! Archive is created by fans, for fans. Scraping, republication, monetization, and malicious use prohibited; this site may use cookies and collect identifying information. See terms. The Jeopardy! game show and all elements thereof, including but not limited to copyright and trademark thereto, are the property of Jeopardy Productions, Inc. and are protected under law. This website is not affiliated with, sponsored by, or operated by Jeopardy Productions, Inc. Join the discussion at JBoard.tv.